Science Quiz

Random Science or Computer Quiz

Computer Acronyms Quiz Stats

 Plays Quiz Updated Sep 21, 2018

Score 0/26 Timer 06:00
7 Plays Today
Acronym Full Name % Correct
WWWWorld Wide Web
88.5%
RAMRandom-Access Memory
85.5%
CPUCentral Processing Unit
71.2%
LANLocal Area Network
71.2%
ISPInternet Service Provider
70.4%
IMInstant Message
69.5%
ROMRead Only Memory
65.8%
IPInternet Protocol
57.4%
GUIGraphical User Interface
54.6%
USBUniversal Serial Bus
52.2%
HTMLHyperText Markup Language
51.8%
FTPFile Transfer Protocol
51.3%
BPSBits Per Second
47.6%
Acronym Full Name % Correct
HTTPHyperText Transfer Protocol
45.9%
WANWide Area Network
45.9%
DOSDisk Operating System
38.3%
DNSDomain Name System
34.5%
IRCInternet Relay Chat
33.8%
PDFPortable Document Format
28.4%
VGAVideo Graphics Adapter
25%
URLUniform Resource Locator
23%
DLLDynamic Link Library
23%
SQLStructured Query Language
19.6%
PNGPortable Network Graphic
19.5%
GIFGraphics Interchange Format
17.4%
ASPActive Server Pages
13%

You're not logged in!

Compare scores with friends on all Sporcle quizzes.
OR
Log In

Sporcle TV

Today on Sporcle TV


Watch our educational content, quiz creation guides, and fun videos on Sporcle TV.

Show Comments

Extras

Top Quizzes Today


Score Distribution

Your Account Isn't Verified!

In order to create a playlist on Sporcle, you need to verify the email address you used during registration. Go to your Sporcle Settings to finish the process.

Report this User

Report this user for behavior that violates our Community Guidelines.

Details: